000
00268nam a2200109Ia 4500
008
190216s9999||||xx |||||||||||||| ||und||
100
_a
Dhingra. I.C
245
0
_a
Objective Type Question In Macro Economics
260
_b
S Chand & Co
650
_a
Economics
942
_c
BK
999
_c
9586
_d
9586